[Event "Sardinia World op-A"]
[Site "Orosei"]
[Date "2024.04.27"]
[Round "1"]
[White "Ter Avetisjana, Agnesa Stepania"]
[Black "Kanov, Nikola"]
[Result "0-1"]
[WhiteElo "2120"]
[BlackElo "2423"]
[PlyCount "98"]
[EventDate "2024.04.27"]
[EventType "swiss"]
[EventRounds "9"]
[EventCountry "ITA"]
[SourceTitle "CB19_2024"]
[SourceDate "2024.05.08"]
[SourceVersion "1"]
[SourceVersionDate "2024.05.08"]
[SourceQuality "1"]

1. d4 Nf6 2. Nf3 c5 3. e3 g6 4. c4 Bg7 5. Nc3 0-0 6. d5 d6 7. h3 e6 8. e4 exd5 9. exd5 Re8+ 10. Be2 Bf5 11. 0-0 Ne4 12. Nxe4 Bxe4 13. Ne1 Na6 14. Bd3 b5 15. cxb5 Bxd3 16. Qxd3 Nc7 17. Bd2 Qh4 18. Rc1 Bxb2 19. Rc2 Bd4 20. Ba5 Nxd5 21. Nf3 Qe4 22. Qxe4 Rxe4 23. Rd1 Nf4 24. Nxd4 cxd4 25. Rc6 Rb8 26. a4 d3 27. g3 Rxa4 28. Bc7 Ne2+ 29. Kf1 Rxb5 30. Rxd3 Nd4 31. Rxd6 Ne6 32. Rc6 Ra2 33. Rc4 Rbb2 34. Be5 Rxf2+ 35. Kg1 Rg2+ 36. Kh1 Rh2+ 37. Kg1 Rhg2+ 38. Kh1 Rgc2 39. Rxc2 Rxc2 40. Ra3 Rc5 41. Bf6 Rf5 42. Bb2 Rb5 43. Bf6 Rb7 44. Kg2 h6 45. h4 Kh7 46. Kf3 Rb5 47. Ke4 a5 48. Rc3 Rc5 49. Rb3 Rf5 0-1

[Event "Tashkent (Women) 2nd"]
[Site "Tashkent"]
[Date "2024.03.09"]
[Round "5"]
[White "Yakubbaeva, Nilufar"]
[Black "Ter Avetisjana, Agnesa Stepania"]
[Result "1-0"]
[WhiteElo "2307"]
[BlackElo "2114"]
[PlyCount "39"]
[EventDate "2024.03.06"]
[EventType "swiss"]
[EventRounds "9"]
[EventCountry "UZB"]
[SourceTitle "CB12_2024"]
[SourceDate "2023.10.01"]
[SourceVersion "1"]
[SourceVersionDate "2023.10.01"]
[SourceQuality "1"]

1. e4 c6 2. d4 d5 3. f3 dxe4 4. fxe4 e5 5. Nf3 exd4 6. Bc4 Nf6 7. 0-0 Be7 8. Ng5 0-0 9. Nxf7 Qa5 10. b4 Qc7 11. Bf4 Qb6 12. Bxb8 Rxb8 13. Rxf6 gxf6 14. Qh5 d3+ 15. Kh1 f5 16. Ng5+ Kg7 17. Qxh7+ Kf6 18. Qh6+ Ke5 19. Nf3+ Kxe4 20. Nc3# 1-0

[Event "Kragero op"]
[Site "Kragero"]
[Date "2024.02.21"]
[Round "1"]
[White "Ter Avetisjana, Agnesa Stepania"]
[Black "Kaasen, Tor Fredrik"]
[Result "0-1"]
[WhiteElo "2047"]
[BlackElo "2437"]
[PlyCount "104"]
[EventDate "2024.02.21"]
[EventType "swiss"]
[EventRounds "9"]
[EventCountry "NOR"]
[SourceTitle "CB09_2024"]
[SourceDate "2024.02.28"]
[SourceVersion "1"]
[SourceVersionDate "2024.02.28"]
[SourceQuality "1"]

1. e4 c5 2. Nf3 d6 3. Bb5+ Nd7 4. c3 Ngf6 5. Qe2 a6 6. Ba4 b5 7. Bc2 Bb7 8. 0-0 e6 9. d4 Be7 10. Rd1 Qc7 11. Bd3 0-0 12. Nbd2 cxd4 13. cxd4 e5 14. Nf1 exd4 15. Nxd4 Rfe8 16. Ng3 Bf8 17. Bf4 Nc5 18. f3 Qb6 19. Qf2 Nxd3 20. Rxd3 d5 21. e5 Nd7 22. Re1 g6 23. Nb3 Qxf2+ 24. Kxf2 Rac8 25. Ne4 Rc2+ 26. Re2 Rxe2+ 27. Kxe2 f6 28. Be3 Rxe5 29. Kf2 Re6 30. Rd2 Bb4 31. Rd4 Be7 32. Rd1 Ba8 33. Nc3 Rd6 34. Bf4 Ne5 35. Be3 b4 36. Na4 Rd8 37. Nb6 Nc4 38. Nxa8 Rxa8 39. Rxd5 Nxb2 40. Rd7 Re8 41. Nc5 a5 42. Ne4 f5 43. Nc5 f4 44. Bd4 Bxc5 45. Bxc5 Rc8 46. Bd4 Rc2+ 47. Kf1 Nc4 48. Rg7+ Kf8 49. Rxh7 Rxa2 50. Rh4 g5 51. Rh5 Ne3+ 52. Ke1 Nc2+ 0-1

[Event "Groningen op 59th"]
[Site "Groningen"]
[Date "2023.12.30"]
[Round "9"]
[White "Ter Avetisjana, Agnesa Stepania"]
[Black "Krasenkova, Ilena"]
[Result "1/2-1/2"]
[WhiteElo "1974"]
[BlackElo "2109"]
[PlyCount "80"]
[EventDate "2023.12.21"]
[EventType "swiss"]
[EventRounds "9"]
[EventCountry "NED"]
[SourceTitle "CB04_2024"]
[SourceDate "2023.10.16"]
[SourceVersion "1"]
[SourceVersionDate "2023.10.16"]
[SourceQuality "1"]

1. e4 g6 2. d4 Bg7 3. Nc3 c6 4. f4 d5 5. e5 Nh6 6. Nf3 0-0 7. h3 f6 8. Be2 Be6 9. 0-0 Qc8 10. Kh2 b5 11. Be3 a5 12. a3 Na6 13. Qd2 Nc7 14. Nd1 Nf7 15. Nf2 c5 16. exf6 Bxf6 17. dxc5 Bxb2 18. Rab1 Bxa3 19. Bxb5 Bb4 20. c3 Nxb5 21. cxb4 axb4 22. Rxb4 Na3 23. Qc3 Nc4 24. Bc1 Ra2 25. Nd2 d4 26. Qd3 Ne3 27. Rg1 Qxc5 28. Qxd4 Qxd4 29. Rxd4 Nf5 30. Rd3 N7d6 31. Re1 Ng7 32. Nde4 Bf5 33. Rd2 Rxd2 34. Bxd2 Rc8 35. Nxd6 exd6 36. Ne4 Rc2 37. Ba5 Bxe4 38. Rxe4 Nf5 39. Be1 h5 40. Kg1 h4 1/2-1/2

[Event "Wch U20 Girls 39th"]
[Site "Mexico City"]
[Date "2023.09.28"]
[Round "8"]
[White "Benito, De Leo Estefania"]
[Black "Ter Avetisjana, Agnesa Stepania"]
[Result "1/2-1/2"]
[WhiteElo "1712"]
[BlackElo "2080"]
[PlyCount "83"]
[EventDate "2023.09.21"]
[EventType "swiss"]
[EventRounds "11"]
[EventCountry "MEX"]
[SourceTitle "EXT 2024"]
[Source "ChessBase"]
[SourceDate "2023.10.10"]
[SourceVersion "1"]
[SourceVersionDate "2023.10.10"]
[SourceQuality "1"]

1. e4 c6 2. d4 d5 3. exd5 cxd5 4. c4 Nf6 5. Nc3 Nc6 6. Bg5 Be6 7. Bxf6 exf6 8. c5 g6 9. Nf3 Bg7 10. Bb5 0-0 11. h3 f5 12. 0-0 Qc7 13. Re1 f4 14. a3 Ne7 15. Bd3 a6 16. Qd2 Bf6 17. Ne5 Bxe5 18. dxe5 f3 19. Qe3 fxg2 20. Kxg2 Nc6 21. Qg3 Nd4 22. Rac1 Nb3 23. Rc2 Qa5 24. Rg1 Rac8 25. h4 Nd4 26. h5 Nf5 27. Bxf5 Bxf5 28. Rd2 Qxc5 29. Rgd1 Rfd8 30. Rd4 Qc6 31. Kh2 Be6 32. Ne4 Qc2 33. Nf6+ Kg7 34. R1d2 Qf5 35. Re2 Rc4 36. Rxc4 dxc4 37. Re4 Rd3 38. h6+ Kh8 39. Re3 g5 40. Rxd3 cxd3 41. Ne4 f6 42. Qxd3 1/2-1/2

[Event "Wch U20 Girls 39th"]
[Site "Mexico City"]
[Date "2023.09.24"]
[Round "5"]
[White "Ter Avetisjana, Agnesa Stepania"]
[Black "Montano Vicente, Guadalupe"]
[Result "1/2-1/2"]
[WhiteElo "2080"]
[BlackElo "1727"]
[PlyCount "169"]
[EventDate "2023.09.21"]
[EventType "swiss"]
[EventRounds "11"]
[EventCountry "MEX"]
[SourceTitle "EXT 2024"]
[Source "ChessBase"]
[SourceDate "2023.10.10"]
[SourceVersion "1"]
[SourceVersionDate "2023.10.10"]
[SourceQuality "1"]

1. e4 c5 2. Nf3 d6 3. Bb5+ Nd7 4. c3 Ngf6 5. d3 a6 6. Ba4 b5 7. Bc2 Bb7 8. 0-0 g6 9. Re1 Bg7 10. h3 0-0 11. Nbd2 Qc7 12. Nf1 Rac8 13. Be3 e5 14. Qd2 Rfe8 15. Bh6 Bh8 16. c4 Nf8 17. Bxf8 Rxf8 18. Bb3 bxc4 19. Bxc4 d5 20. exd5 Nxd5 21. Qg5 Bf6 22. Qg3 Nf4 23. Ne3 Bg7 24. Ng5 Rcd8 25. Rad1 Rd4 26. Nf3 Nh5 27. Qh2 Bxf3 28. gxf3 Rfd8 29. Ng4 Nf4 30. Re4 h5 31. Ne3 Qb6 32. Rd2 Qf6 33. Nf1 Qg5+ 34. Qg3 Nxh3+ 35. Kh2 Qxg3+ 36. fxg3 Ng5 37. Re3 R8d6 38. Rf2 Ne6 39. Nd2 Bh6 40. Re4 Bxd2 41. Rxd2 Ng5 42. Rxd4 Nxf3+ 43. Kg2 Nxd4 44. Rf2 Ne6 45. Rc2 Kg7 46. Bxe6 fxe6 47. Rc3 Kf6 48. Kf3 Rb6 49. b3 Rb5 50. Ke4 Rb4+ 51. Ke3 Rg4 52. Kf3 Rd4 53. Ke3 Rd5 54. Rc4 Ke7 55. Ra4 Rd6 56. Re4 Kf6 57. Rc4 Rd5 58. Ra4 Rd6 59. Rc4 Kf5 60. Rxc5 Kg4 61. Rxe5 g5 62. b4 Rb6 63. a3 Rb5 64. Rxe6 a5 65. Kf2 axb4 66. axb4 Kh3 67. Rh6 g4 68. Rf6 Rd5 69. Rf7 Kh2 70. d4 h4 71. gxh4 g3+ 72. Ke3 g2 73. Rg7 Rb5 74. Ke4 g1Q 75. Rxg1 Kxg1 76. d5 Rxb4+ 77. Ke5 Rxh4 78. d6 Rh5+ 79. Ke6 Rh6+ 80. Ke7 Rh7+ 81. Ke8 Rh8+ 82. Ke7 Rh7+ 83. Ke8 Kf2 84. d7 Rxd7 85. Kxd7 1/2-1/2

[Event "Wch U20 Girls 39th"]
[Site "Mexico City"]
[Date "2023.09.22"]
[Round "3"]
[White "Ter Avetisjana, Agnesa Stepania"]
[Black "Getman, Tatyana"]
[Result "0-1"]
[WhiteElo "2080"]
[BlackElo "2172"]
[PlyCount "78"]
[EventDate "2023.09.21"]
[EventType "swiss"]
[EventRounds "11"]
[EventCountry "MEX"]
[SourceTitle "EXT 2024"]
[Source "ChessBase"]
[SourceDate "2023.10.10"]
[SourceVersion "1"]
[SourceVersionDate "2023.10.10"]
[SourceQuality "1"]

1. e4 c5 2. Nf3 d6 3. Bb5+ Nd7 4. c3 Ngf6 5. Qe2 a6 6. Ba4 b5 7. Bc2 Bb7 8. 0-0 e6 9. d4 Be7 10. Bg5 h6 11. Bh4 0-0 12. Rd1 Qc7 13. Bd3 e5 14. Nbd2 exd4 15. cxd4 Rfe8 16. Qf1 c4 17. Rac1 Nxe4 18. Bxe4 Bxe4 19. Nxe4 Bxh4 20. Nc3 Bf6 21. a4 Qb7 22. axb5 axb5 23. Re1 b4 24. Rxe8+ Rxe8 25. Nd1 d5 26. Ne3 b3 27. Ra1 Ra8 28. Qb1 g6 29. g3 Nb6 30. Kg2 h5 31. h4 Kg7 32. g4 Rxa1 33. Qxa1 c3 34. bxc3 Nc4 35. Nxc4 dxc4 36. gxh5 Qe4 37. Kg3 gxh5 38. Qc1 Qg4+ 39. Kh2 Qxf3 0-1

[Event "EU-ch U16 Girls 31st"]
[Site "Mamaia"]
[Date "2023.09.13"]
[Round "8"]
[White "Baloglu, Dila"]
[Black "Ter Avetisjana, Agnesa Stepania"]
[Result "1/2-1/2"]
[WhiteElo "1874"]
[BlackElo "2080"]
[PlyCount "80"]
[EventDate "2023.09.05"]
[EventType "swiss"]
[EventRounds "9"]
[EventCountry "ROU"]
[SourceTitle "EXT 2024"]
[Source "ChessBase"]
[SourceDate "2023.10.10"]
[SourceVersion "1"]
[SourceVersionDate "2023.10.10"]
[SourceQuality "1"]

1. e4 c6 2. d4 d5 3. f3 g6 4. Nc3 Bg7 5. Be3 Nf6 6. e5 Nfd7 7. f4 Nb6 8. Bd3 Bf5 9. Bxf5 gxf5 10. b3 e6 11. Qh5 Qe7 12. Nf3 Na6 13. Rg1 0-0-0 14. g4 fxg4 15. Rxg4 f5 16. Rg2 Bf8 17. a3 Qe8 18. Qh4 Be7 19. Qh6 Nc7 20. Kf2 Qf8 21. Qxf8 Rdxf8 22. a4 Nd7 23. Rag1 Ne8 24. Ng5 Bxg5 25. Rxg5 Kd8 26. Bc1 c5 27. Ba3 b6 28. a5 Nc7 29. axb6 axb6 30. Na4 Nb5 31. Bb2 cxd4 32. Rg7 Kc7 33. Re7 Rfg8 34. Rxg8 Rxg8 35. Rxe6 Rg4 36. Bc1 Rh4 37. Kg3 Rg4+ 38. Kf2 Rh4 39. Kg3 Rg4+ 40. Kf2 Rh4 1/2-1/2

[Event "EU-ch U16 Girls 31st"]
[Site "Mamaia"]
[Date "2023.09.05"]
[Round "1"]
[White "Gergin, Isafara"]
[Black "Ter Avetisjana, Agnesa Stepania"]
[Result "0-1"]
[WhiteElo "1732"]
[BlackElo "2080"]
[PlyCount "84"]
[EventDate "2023.09.05"]
[EventType "swiss"]
[EventRounds "9"]
[EventCountry "ROU"]
[SourceTitle "EXT 2024"]
[Source "ChessBase"]
[SourceDate "2023.10.10"]
[SourceVersion "1"]
[SourceVersionDate "2023.10.10"]
[SourceQuality "1"]

1. e4 c6 2. d4 d5 3. Nc3 dxe4 4. Nxe4 Bf5 5. Ng3 Bg6 6. h4 h6 7. Nf3 Nf6 8. h5 Bh7 9. Bd3 Bxd3 10. Qxd3 e6 11. Bd2 c5 12. 0-0-0 Nc6 13. Bc3 Qd5 14. dxc5 Qxd3 15. Rxd3 Bxc5 16. Bxf6 gxf6 17. Ne4 Be7 18. Rhd1 Rd8 19. Rxd8+ Nxd8 20. g3 Rg8 21. Nd6+ Bxd6 22. Rxd6 Nc6 23. b3 Rg4 24. c4 Ke7 25. Rd2 f5 26. a3 f4 27. gxf4 Rxf4 28. Rd3 a5 29. Kb2 a4 30. bxa4 Na5 31. c5 Rf5 32. Rc3 e5 33. Ka2 e4 34. Nd4 Rxf2+ 35. Kb1 Kd7 36. Rg3 Nc6 37. Nc2 Ke6 38. Rb3 Rxc2 39. Kxc2 Nd4+ 40. Kb2 Nxb3 41. Kxb3 Kd5 42. Kc3 Kxc5 0-1

[Event "World ol U16"]
[Site "Eindhoven"]
[Date "2023.08.18"]
[Round "9.9"]
[White "Maria, Lia Alexandra"]
[Black "Ter Avetisjana, Agnesa Stepania"]
[Result "0-1"]
[WhiteElo "1759"]
[BlackElo "2058"]
[PlyCount "106"]
[EventDate "2023.08.13"]
[EventType "team-swiss"]
[EventRounds "9"]
[EventCountry "NED"]
[SourceTitle "CBM 215 Extra"]
[Source "ChessBase"]
[SourceDate "2023.09.30"]
[SourceVersion "1"]
[SourceVersionDate "2023.09.30"]
[SourceQuality "1"]
[WhiteTeam "Romania"]
[BlackTeam "Latvia"]
[WhiteTeamCountry "ROU"]
[BlackTeamCountry "LAT"]

1. e4 c6 2. d4 d5 3. e5 Bf5 4. Nf3 e6 5. Be2 c5 6. 0-0 Nc6 7. Be3 Bg4 8. c3 Qb6 9. b3 Bxf3 10. Bxf3 cxd4 11. Bxd4 Nxd4 12. cxd4 Rc8 13. Qd3 Qa5 14. a4 a6 15. Ra2 Bb4 16. Bg4 Ne7 17. f4 g6 18. Bh3 h5 19. Nd2 Bxd2 20. Qxd2 Qxd2 21. Rxd2 Kd7 22. Kf2 Rc3 23. Rb1 Rhc8 24. Rbb2 Nc6 25. g3 Na5 26. Bf1 Nxb3 27. Rd3 Rc2+ 28. Rxc2 Rxc2+ 29. Ke3 Na5 30. Be2 Nc4+ 31. Kf3 Kc6 32. h3 Nb2 33. Ra3 Nc4 34. Rd3 b5 35. axb5+ axb5 36. g4 hxg4+ 37. hxg4 b4 38. Bd1 Ra2 39. f5 g5 40. Be2 b3 41. Rd1 b2 42. Bd3 Ra1 43. Ke2 Rxd1 44. Kxd1 Na3 45. fxe6 fxe6 46. Bc2 b1Q+ 47. Bxb1 Nxb1 48. Kc2 Na3+ 49. Kc3 Nb5+ 50. Kd3 Kb6 51. Ke3 Ka5 52. Kd3 Kb4 53. Ke3 Kc3 0-1

[Event "World ol U16"]
[Site "Eindhoven"]
[Date "2023.08.17"]
[Round "7.5"]
[White "Giang, Tran Nam"]
[Black "Ter Avetisjana, Agnesa Stepania"]
[Result "1-0"]
[WhiteElo "2229"]
[BlackElo "2058"]
[PlyCount "85"]
[EventDate "2023.08.13"]
[EventType "team-swiss"]
[EventRounds "9"]
[EventCountry "NED"]
[SourceTitle "CBM 215 Extra"]
[Source "ChessBase"]
[SourceDate "2023.09.30"]
[SourceVersion "1"]
[SourceVersionDate "2023.09.30"]
[SourceQuality "1"]
[WhiteTeam "Hungary"]
[BlackTeam "Latvia"]
[WhiteTeamCountry "HUN"]
[BlackTeamCountry "LAT"]

1. e4 c6 2. d4 d5 3. exd5 cxd5 4. Bd3 Nc6 5. c3 Qc7 6. Ne2 Bg4 7. f3 Bh5 8. Nf4 Nf6 9. Nxh5 Nxh5 10. 0-0 g6 11. f4 Bg7 12. f5 0-0-0 13. Be3 Nf6 14. Nd2 e6 15. Bf4 Qb6 16. fxe6 fxe6 17. Qe2 Rde8 18. Nf3 Nh5 19. Be5 Rhf8 20. Bxg7 Nxg7 21. Ne5 Nf5 22. Nxc6 bxc6 23. Kh1 Qc7 24. Rae1 Kd8 25. Qg4 Rf7 26. c4 Ree7 27. b3 Qa5 28. cxd5 cxd5 29. Qg5 Qc3 30. Rd1 Ke8 31. Bxf5 exf5 32. Qf4 Kf8 33. Qh6+ Ke8 34. Rc1 Qd3 35. Qf4 Kf8 36. Qh6+ Ke8 37. Rg1 Qe4 38. Rc8+ Kd7 39. Qc1 Rf6 40. Ra8 Rc6 41. Rxa7+ Kd6 42. Qa3+ Ke6 43. Qxe7# 1-0

[Event "World ol U16"]
[Site "Eindhoven"]
[Date "2023.08.14"]
[Round "3.14"]
[White "Ter Avetisjana, Agnesa Stepania"]
[Black "Gao, Lucy"]
[Result "1-0"]
[WhiteElo "2058"]
[BlackElo "1618"]
[PlyCount "87"]
[EventDate "2023.08.13"]
[EventType "team-swiss"]
[EventRounds "9"]
[EventCountry "NED"]
[SourceTitle "CBM 215 Extra"]
[Source "ChessBase"]
[SourceDate "2023.09.30"]
[SourceVersion "1"]
[SourceVersionDate "2023.09.30"]
[SourceQuality "1"]
[WhiteTeam "Latvia"]
[BlackTeam "Canada II"]
[WhiteTeamCountry "LAT"]
[BlackTeamCountry "CAN"]

1. e4 c5 2. Nf3 g6 3. c3 Bg7 4. d4 cxd4 5. cxd4 d5 6. e5 Nc6 7. Nc3 Nh6 8. Bxh6 Bxh6 9. Qb3 0-0 10. Be2 e6 11. 0-0 f6 12. exf6 Qxf6 13. Rad1 b6 14. Bb5 Ne7 15. Ne2 a6 16. Bd3 b5 17. Ne5 Nf5 18. Bxf5 gxf5 19. f4 Kh8 20. Rc1 Rg8 21. Rc7 Rg7 22. Rfc1 Bb7 23. Qh3 Rag8 24. g3 Ba8 25. Qh5 Rf8 26. Nd7 Rxd7 27. Rxd7 Qg6 28. Qxg6 hxg6 29. Rcc7 Re8 30. Rh7+ Kg8 31. Rxh6 a5 32. Rxg6+ Kh8 33. Nc3 b4 34. Nb5 Rf8 35. Nd6 a4 36. h4 b3 37. axb3 axb3 38. h5 e5 39. Nf7+ Rxf7 40. Rxf7 exd4 41. Rd6 Kg8 42. Ra7 Bc6 43. Rd8+ Be8 44. Rxe8# 1-0

[Event "EU-ch (Women) 23rd"]
[Site "Petrovac"]
[Date "2023.03.23"]
[Round "6"]
[White "Ter Avetisjana, Agnesa Stepania"]
[Black "Goriachkina, Oksana"]
[Result "1-0"]
[WhiteElo "1974"]
[BlackElo "1759"]
[PlyCount "83"]
[EventDate "2023.03.18"]
[EventType "swiss"]
[EventRounds "11"]
[EventCountry "MNE"]
[SourceTitle "CBM 213 Extra"]
[Source "ChessBase"]
[SourceDate "2023.05.31"]
[SourceVersion "1"]
[SourceVersionDate "2023.05.31"]
[SourceQuality "1"]

1. c4 e5 2. Nc3 Bb4 3. e4 d6 4. Nf3 Nc6 5. a3 Bc5 6. b4 Bd4 7. b5 Bxc3 8. dxc3 Na5 9. c5 Be6 10. Rb1 b6 11. c6 Nf6 12. Qc2 d5 13. Ng5 Nxe4 14. Nxe4 dxe4 15. Qxe4 Qd6 16. Be2 f5 17. Qb4 Qxb4 18. Rxb4 Kf7 19. c4 a6 20. a4 axb5 21. axb5 Rac8 22. Bb2 e4 23. Kd2 Rhd8+ 24. Kc2 Kg6 25. Rd1 Rxd1 26. Kxd1 Kf7 27. Be5 g5 28. g3 Ke7 29. Kc2 Bf7 30. Ra4 Ke6 31. Bc3 Kd6 32. Bb4+ Ke5 33. Kc3 f4 34. Bxa5 bxa5 35. Rxa5 Kd6 36. gxf4 gxf4 37. Kd4 f3 38. Bf1 Bg6 39. c5+ Ke7 40. Ra7 Kd8 41. Bh3 Rb8 42. Rb7 1-0

[Event "Kragero op"]
[Site "Kragero"]
[Date "2023.02.25"]
[Round "7"]
[White "Oommen, John Samuel"]
[Black "Ter Avetisjana, Agnesa Stepania"]
[Result "1/2-1/2"]
[WhiteElo "2055"]
[BlackElo "1952"]
[PlyCount "85"]
[EventDate "2023.02.22"]
[EventType "swiss"]
[EventRounds "9"]
[EventCountry "NOR"]
[SourceTitle "CBM 212 Extra"]
[Source "ChessBase"]
[SourceDate "2023.03.31"]
[SourceVersion "1"]
[SourceVersionDate "2023.03.31"]
[SourceQuality "1"]

1. e4 c6 2. d4 d5 3. f3 e6 4. Nc3 Nf6 5. e5 Ng8 6. f4 Nh6 7. Nf3 c5 8. Bd3 Nc6 9. Be3 Qb6 10. Qd2 c4 11. Be2 Ng4 12. Rb1 Qa5 13. a3 a6 14. 0-0 Be7 15. h3 Nxe3 16. Qxe3 0-0 17. Bd1 b5 18. f5 exf5 19. Nxd5 Bd8 20. c3 Ne7 21. Nf4 Bb7 22. Bc2 g6 23. Rbd1 Nd5 24. Nxd5 Bxd5 25. Rde1 Qb6 26. Qh6 Ra7 27. h4 f6 28. h5 Rg7 29. hxg6 hxg6 30. Nh4 fxe5 31. Rxe5 Bf7 32. Nf3 Rh7 33. Qe3 Bf6 34. Rc5 Re8 35. Qf4 Re2 36. Rf2 Re8 37. Ne5 Bxe5 38. Rxe5 Rxe5 39. Qxe5 Qe6 40. Re2 Qxe5 41. Rxe5 Kf8 42. Bd1 Be8 43. Bf3 1/2-1/2

[Event "Kragero op"]
[Site "Kragero"]
[Date "2023.02.24"]
[Round "5"]
[White "Zatonskih, Anna"]
[Black "Ter Avetisjana, Agnesa Stepania"]
[Result "1-0"]
[WhiteElo "2348"]
[BlackElo "1952"]
[PlyCount "49"]
[EventDate "2023.02.22"]
[EventType "swiss"]
[EventRounds "9"]
[EventCountry "NOR"]
[SourceTitle "CBM 212 Extra"]
[Source "ChessBase"]
[SourceDate "2023.03.31"]
[SourceVersion "1"]
[SourceVersionDate "2023.03.31"]
[SourceQuality "1"]

1. d4 d5 2. c4 c6 3. Nc3 Nf6 4. e3 e6 5. Nf3 Nbd7 6. Be2 dxc4 7. a4 Bb4 8. Bxc4 a6 9. 0-0 0-0 10. Qc2 b6 11. e4 h6 12. Bd3 Bb7 13. Qe2 Re8 14. Rd1 Qc7 15. e5 Nd5 16. Nxd5 exd5 17. Nh4 Nf6 18. Nf5 Bf8 19. Be3 Ne4 20. Qg4 Kh8 21. f3 Ng5 22. Bxg5 hxg5 23. Qh5+ Kg8 24. Ne7+ Qxe7 25. Qh7# 1-0

[Event "EU-ch U16 Girls 30th"]
[Site "Antalya"]
[Date "2022.11.12"]
[Round "7"]
[White "Ter Avetisjana, Agnesa Stepania"]
[Black "Yilmaz, Gokcen"]
[Result "1-0"]
[WhiteElo "1996"]
[BlackElo "1921"]
[PlyCount "71"]
[EventDate "2022.11.06"]
[EventType "swiss"]
[EventRounds "9"]
[EventCountry "TUR"]
[SourceTitle "CBM 211 Extra"]
[Source "ChessBase"]
[SourceDate "2023.01.31"]
[SourceVersion "1"]
[SourceVersionDate "2023.01.31"]
[SourceQuality "1"]

1. e4 c5 2. Nf3 d6 3. Bb5+ Bd7 4. Bxd7+ Qxd7 5. 0-0 Nc6 6. c3 Nf6 7. d4 cxd4 8. cxd4 e6 9. d5 Ne5 10. dxe6 Qxe6 11. Nd4 Qd7 12. Nc3 g6 13. Bg5 Ng8 14. Nd5 Bg7 15. Nb5 Rc8 16. Nxa7 Rc6 17. Nxc6 bxc6 18. Nc3 h6 19. Bf4 g5 20. Bg3 h5 21. Na4 h4 22. Bxe5 Bxe5 23. Nb6 Qc7 24. Nc4 Bf4 25. Qd4 Rh6 26. g3 Qd7 27. Qc3 hxg3 28. fxg3 Rh3 29. Rad1 Ne7 30. Qg7 Bxg3 31. Qxf7+ Kd8 32. hxg3 Rh1+ 33. Kf2 Rh2+ 34. Ke1 Qg4 35. Qf8+ Kc7 36. Qxe7+ 1-0

[Event "Wch U16 Girls"]
[Site "Mamaia"]
[Date "2022.09.14"]
[Round "9"]
[White "Orian, Noga"]
[Black "Ter Avetisjana, Agnesa Stepania"]
[Result "1/2-1/2"]
[WhiteElo "1887"]
[BlackElo "2033"]
[PlyCount "167"]
[EventDate "2022.09.06"]
[EventType "swiss"]
[EventRounds "11"]
[EventCountry "ROU"]
[SourceTitle "CBM 210 Extra"]
[Source "ChessBase"]
[SourceDate "2022.11.30"]
[SourceVersion "1"]
[SourceVersionDate "2022.11.30"]
[SourceQuality "1"]

1. d4 d5 2. c4 c6 3. Nf3 Nf6 4. e3 e6 5. b3 Nbd7 6. Bb2 Bd6 7. Bd3 0-0 8. 0-0 Re8 9. Ne5 Nf8 10. f4 N6d7 11. Qh5 g6 12. Qh6 Qf6 13. Nd2 Qg7 14. Qxg7+ Kxg7 15. e4 f6 16. Nxd7 Bxd7 17. c5 dxe4 18. Nxe4 Be7 19. b4 Rad8 20. Bc3 Bc8 21. Bc4 f5 22. Nd2 Bf6 23. Nb3 h6 24. a4 g5 25. g3 Ng6 26. b5 Ne7 27. Rad1 Nd5 28. Bxd5 exd5 29. Ba5 Rd7 30. Rfe1 Re4 31. Rxe4 fxe4 32. Kf2 Rf7 33. Ke3 Kg6 34. Be1 Bd8 35. Ba5 b6 36. Bd2 Bc7 37. Rf1 Bh3 38. Rf2 gxf4+ 39. gxf4 cxb5 40. axb5 Bg4 41. Nc1 Bf3 42. Ne2 Kh5 43. Rxf3 exf3 44. Kxf3 bxc5 45. dxc5 Bd8 46. Nd4 Bc7 47. Ne6 Kg6 48. Nxc7 Rxc7 49. c6 Kf5 50. Be3 Ke6 51. Bd4 h5 52. Be5 Rf7 53. Ke3 Rf8 54. Kd4 Rg8 55. c7 h4 56. f5+ Kd7 57. Kxd5 h3 58. Ke4 Rg4+ 59. Bf4 Rg2 60. f6 Rc2 61. Kf5 Rc5+ 62. Kg6 Rc4 63. Bg3 Rg4+ 64. Kf5 Rxg3 65. hxg3 h2 66. c8Q+ Kxc8 67. f7 h1Q 68. f8Q+ Kb7 69. Qe7+ Kb6 70. g4 Qf3+ 71. Kg5 Kxb5 72. Qxa7 Qd5+ 73. Kf4 Qd6+ 74. Kf3 Qd5+ 75. Kg3 Qe5+ 76. Kh3 Qc3+ 77. Kg2 Qc6+ 78. Kf2 Qf6+ 79. Kg2 Qc6+ 80. Kg3 Qd6+ 81. Kh3 Qh6+ 82. Kg3 Qd6+ 83. Kf3 Qc6+ 84. Kf4 1/2-1/2

[Event "Olympiad Women-44"]
[Site "Chennai"]
[Date "2022.08.03"]
[Round "6.2"]
[White "Ter Avetisjana, Agnesa Stepania"]
[Black "Jose Polanco, Kenia"]
[Result "1-0"]
[WhiteElo "1962"]
[BlackElo "1787"]
[PlyCount "75"]
[EventDate "2022.07.29"]
[EventType "team-swiss"]
[EventRounds "11"]
[EventCountry "IND"]
[SourceTitle "CBM 210"]
[Source "ChessBase"]
[SourceDate "2022.10.31"]
[SourceVersion "1"]
[SourceVersionDate "2022.10.31"]
[SourceQuality "1"]
[WhiteTeam "Latvia (W)"]
[BlackTeam "Monaco (W)"]
[WhiteTeamCountry "LAT"]
[BlackTeamCountry "MNC"]

1. e4 d5 2. exd5 Nf6 3. d4 Nxd5 4. Nf3 Bf5 5. a3 c6 6. c4 Nf6 7. Nc3 e6 8. Bd3 Bg4 9. Be3 Bd6 10. 0-0 0-0 11. h3 Bh5 12. b4 Nbd7 13. Be2 Qe7 14. Re1 Rfd8 15. Qb3 Rac8 16. Rad1 Bb8 17. Ne5 Bxe2 18. Nxe2 Nxe5 19. dxe5 Bxe5 20. Bxa7 Nd7 21. Be3 Qh4 22. Nd4 Nc5 23. bxc5 Bxd4 24. Bxd4 Rxd4 25. Qxb7 Rcd8 26. Rxd4 Qxd4 27. Qxc6 Qxc4 28. Qc7 Qd3 29. c6 g6 30. Qb7 Qc3 31. Re3 Qf6 32. Rf3 Qa1+ 33. Kh2 Rf8 34. c7 Qe5+ 35. g3 Qc5 36. Rxf7 Kxf7 37. c8Q+ Qe7 38. Qxe7+ 1-0